PROIBITO RUBARE (Record n. 106573)

Dettagli MARC
000 -LEADER
fixed length control field 02296agaaa2200325 4500
001 - CONTROL NUMBER
control field 8891
003 - CONTROL NUMBER IDENTIFIER
control field IT-RoPAU
005 - DATE AND TIME OF LATEST TRANSACTION
control field 20220918181247.0
007 - PHYSICAL DESCRIPTION FIXED FIELD--GENERAL INFORMATION
fixed length control field d cvaizq
008 - FIXED-LENGTH DATA ELEMENTS--GENERAL INFORMATION
fixed length control field 50131s9999||||xx ||| | || ||und||
040 ## - CATALOGING SOURCE
Original cataloging agency IT-RoPAU
Transcribing agency IT-RoPAU
041 ## - LANGUAGE CODE
Language code of text/sound track or separate title ITALIANO
100 ## - MAIN ENTRY--PERSONAL NAME
Personal name Comencini Luigi
Miscellaneous information Codice regista SPICS: 7883
9 (RLIN) 47600
130 ## - MAIN ENTRY--UNIFORM TITLE
Uniform title PROIBITO RUBARE
9 (RLIN) 47601
245 ## - TITLE STATEMENT
Title PROIBITO RUBARE
Statement of responsibility, etc. Prodotto da: Ponti C. Martello G. -- Sceneggiatura: Buzzi Aldo Cecchi D'Amico Suso Comencini Luigi Curcio Armando -- Diretto da: Comencini Luigi
Name of part/section of a work PROIBITO RUBARE (Rif. Codice opera principale : H8891)
250 ## - EDITION STATEMENT
Edition statement Edizione Standard
260 ## - PUBLICATION, DISTRIBUTION, ETC. (IMPRINT)
Place of publication, distribution, etc. (ITALIA)
Name of publisher, distributor, etc. LUX FILM / Distribuzione: MAGAZZINO DISP
Date of manufacture "1948 (1° ed.: 2009 ; Ed. Lingua Orig.: 1948)"
300 ## - PHYSICAL DESCRIPTION
Extent DVD
Other physical details sonoro, b&w
Dimensions 80 minuti
508 ## - CREATION/PRODUCTION CREDITS NOTE
Creation/production credits note "Fotografia: Tonti Aldo; Montaggio: Novelli Adriana; Musica: Rota Nino; Sceneggiatura: Buzzi Aldo Cecchi D'Amico Suso Comencini Luigi Curcio Armando; Scenografia: Gherardi Piero; Soggetto: Martello Gigi -- Cecchi D'Amico Suso"
511 ## - PARTICIPANT OR PERFORMER NOTE
Participant or performer note "Celi Adolfo; Pica Tina; Russo Mario; Dermastro Luigi; Girelli Antonio; De; Michele C."
520 ## - SUMMARY, ETC.
Summary, etc. "DON PIETRO MISSIONARIO DIRETTO IN AFRICA, SUBISCE UN FURTO A NAPOLI PER OPERA DI ALCUNI RAGAZZINI DI STRADA. L'ESPERIENZA GLI FA CAPIRE CHE I RAGAZZIDI NAPOLI POSSONO AVER BISOGNO DEL SUO AIUTO E DECIDE QUINDI DI FONDARE LACITTA' DEI RAGAZZI, UNA CASA DI ACCOGLIENZA PER LORO. GRAZIE ALLE OFFERTEDELLA CITTA', DON PIETRO RIESCE A PORTARE AVANTI LA SUA OPERA SENZA PROBLEMI, FINCHE' NON SCOPRE CHE LA MAGGIOR PARTE DELLE OFFERTE PROVIENE DALLA REFURTIVA ACCUMULATA DAI RAGAZZI... CONTENUTI EXTRA: GALLERIA FOTOGRAFICA TRATTA DALL'ARCHIVIO DELLA FONDAZIONE CINETECA ITALIANA; INTERVISTA A PAOLO MEREGHETTI; PRESENTAZIONE CINEMATOGRAFICA ORIGINALE; FILMOGRAFIE."
538 ## - SYSTEM DETAILS NOTE
System details note PAL, STEREO
546 ## - LANGUAGE NOTE
Language note ITALIANO
650 ## - SUBJECT ADDED ENTRY--TOPICAL TERM
Topical term or geographic name as entry element COMMEDIA - DRAMMA
Relator term DVD-FILM [DVD]
General subdivision Codice MATERIA SPICS: 9947
9 (RLIN) 47602
700 ## - ADDED ENTRY--PERSONAL NAME
Personal name Cecchi D'Amico Suso
Relator term (soggetto)
Miscellaneous information Codice Soggetto 2° SPICS: 7581
9 (RLIN) 47603
700 ## - ADDED ENTRY--PERSONAL NAME
Personal name Comencini Luigi
Relator term (regista)
Miscellaneous information Codice regista SPICS: 7883
9 (RLIN) 47604
700 ## - ADDED ENTRY--PERSONAL NAME
Personal name Martello Gigi
Relator term (soggetto)
Miscellaneous information Codice Soggetto SPICS: 59546
9 (RLIN) 47605
700 ## - ADDED ENTRY--PERSONAL NAME
Personal name Rota Nino
Relator term (musica)
Miscellaneous information Codice Musica SPICS: 11128
9 (RLIN) 47606
942 ## - ADDED ENTRY ELEMENTS (KOHA)
Koha item type DVD
Source of classification or shelving scheme Dewey Decimal Classification
Dati di copia
Withdrawn status Lost status Damaged status Not for loan Home library Current library Date acquired Total Checkouts Full call number Date last seen Price effective from Koha item type Public note
    Buone Condizioni Not For Loan SPICS-MEDIATECA SPICS-MEDIATECA 31/01/2015   H8891 31/01/2015 31/01/2015 DVD Progr. Ins.: 3822 / N.Vol.:1 / Copie: 1 / Pag.:0 / Copia rara: n.d. / date import: 1.2.2015 / By Epidotti, Trombetti, Vaglietti
CREDITS: SOCIETA' SAN PAOLO Via A.Severo, 58 - ROMA (RM) & PERIODICI SAN PAOLO SRL Via Giotto, 36 MILANO & CISF Via Giotto, 36 MILANO & EDIZIONI SAN PAOLO SRL,  Piazza Soncino, 5 CINISELLO BALSAMO (MI) -- ITALY